00825nam a2200241Ia 450000100060000000300090000600800410001504000130005604000130006904100130008210000170009510000290011224500370014124500660017825000110024426000120025526000110026726000490027830000410032750001670036865000170053565000310055214251IT-RoPAU130308s9999 xx 000 0 und d aIT-RoPAU cIT-RoPAU aITALIANO aMusio Gavino gCodice Aut. SPICS: 3439 aCultura e storia...-Introduzione bScienza dell'uomo (La)-I Problemi dell'antropologia Culturale a1a ed. aSASSARI bDessi' c1972 [1° Ed.:1972 - Ed.Ling.Originale:1972] a"40 p. (prefazione: no ; testo: 40)" aProblema del Metodo Scientifico Questione del rigore Sistema e Pattern Antropologo Come Protagonista Scientificità e partecipazione Acculturazione e Rivoluzione aANTROPOLOGIA eCodice materia Spics: 3501